LEADER 01205nam a2200253 i 4500 001 000000067010 003 CaOOAMICUS 005 20140218000000.0 008 140218s1955 xx u000 u ger u 013 $a38182 040 $aSeMil$bita 100 1 $aBettray, Johannes .$0(OLS)http://semarc/name/33580 245 14$aDie Akkommodationsmethode des P. Matteo Ricci in China /$cvon P. Johannes Bettray. 260 $aRomae :$bApud Aedes Universitatis Gregorianae,$c1955. 300 $axl, 411 p. ;$c23 cm. 490 0 $aAnalecta Gregoriana ;$v76 490 0 $aAnalecta Gregoriana. Series Facultatis Missiologiae. Sectio B ;$v1 600 14$aRicci, Matteo .$0(OLS)http://semarc/subject/3746 830 0$aAnalecta Gregoriana ;$v76.$0(OLS)http://semarc/title/9 830 0$aAnalecta Gregoriana. Series Facultatis Missiologiae. Sectio B ;$v1.$0(OLS)http://semarc/title/21133 850 $aSeMil 852 $aSeMil$W1$xVenegono$y1$m2N V 176$j33163$B33163$CSeMilBibl$Z2$F33166 $81 996 $6245$aDie Akkommodationsmethode des P. Matteo Ricci in China$9(OLS)http://semarc/title/106711 996 $6260$aRomae :$bApud Aedes Universitatis Gregorianae$9(OLS)http://semarc/publisher/30266 LEADER 01293nas a2200301 i 4500 001 000000117215 003 CaOOAMICUS 005 20250910125111.0 008 030722b1966 it uu u0 0ita r 013 $a89904 040 $aSeMil$bita 100 0 $aPaulus VI,$c.$0(OLS)http://semarc/name/803 245 10$a[Operare :$bpapa Paolo 6. alla UCID nel 20. anniversario della Rivista]. 260 $a[Italia] :$bEdito a cura della Segreteria Generale UCID,$cstampa 1966. 300 $a26 p. :$b[2] c. di tav. ;$c23 cm. 650 4$aUCID .$0(OLS)http://semarc/subject/32203 773 0 $tOperare.$dMilano : [s.n.], 1945.$w()2564 850 $aSeMil 852 $aSeMil$W1$xVenegono$y1$m104 6 20/S$j72615$B72615$CSeMilBibl$Z2$F197699 $85 900 1 $aMontini, Giovanni Battista,$d<1897-1978>. 900 0 $aPaolo VI$c. 941 1 $a4 961 $aOmaggio: Martini Card. Carlo Maria 996 $6245$a[Operare :$bpapa Paolo 6. alla UCID nel 20. anniversario della Rivista]$9(OLS)http://semarc/title/172059 996 $6260$a[Italia] :$bEdito a cura della Segreteria Generale UCID$9(OLS)http://semarc/publisher/45659